A toborzás - kiválasztás folyamatának bemutatása, a munkaerő megtartásának lehetőségei egy állami nagyvállalat esetében

Bibliographic Details
Main Author: Csukásné Kis Erzsébet
Other Authors: Krajcsák Dr. Zoltán
Format: Project work
Kulcsszavak:Munkaerő-toborzás
Kiválasztási folyamat
Munkaerőpiac
Online Access:http://dolgozattar.uni-bge.hu/11152

MARC

LEADER 00000nnm a2200000 i 4500
001 dolg11152
005 20170515113244.0
008 170515suuuu hu o 000 hun d
040 |a BGE Dolgozattár Repozitórium  |b hun 
041 |a hu 
100 1 |a Csukásné Kis Erzsébet 
245 1 2 |a A toborzás - kiválasztás folyamatának bemutatása, a munkaerő megtartásának lehetőségei egy állami nagyvállalat esetében  |c Csukásné Kis Erzsébet  |h [elektronikus dokumentum] 
516 |a Project_work 
695 |a Munkaerő-toborzás 
695 |a Kiválasztási folyamat 
695 |a Munkaerőpiac 
700 1 |a Krajcsák Dr. Zoltán  |e ths 
856 4 0 |u http://dolgozattar.uni-bge.hu/11152/1/Z%C3%A1r%C3%B3%20dolgozat%20Csuk%C3%A1sn%C3%A9%20LDMRV2.pdf  |z Dokumentum-elérés 
856 4 0 |u http://dolgozattar.uni-bge.hu/11152/3/Titkos%C3%ADt%C3%A1si%20k%C3%A9relem%20Csuk%C3%A1sn%C3%A9.pdf  |z Dokumentum-elérés